[Event "SM-2014-0-00292"]
[Site "LSS email"]
[Date "2014.06.02"]
[Round "?"]
[White "Dos Santos, Marcos Antonio Melo"]
[Black "Sutkalenko, Dmitry Nikolaevich"]
[Result "1/2-1/2"]
[WhiteElo "2244"]
[BlackElo "2216"]
[PlyCount "46"]
[EventDate "2014.04.21"]
[EventType "tourn (corr)"]
[EventRounds "6"]
[EventCountry "GER"]
[SourceTitle "Corr 2015"]
[Source "ChessBase"]
[SourceDate "2015.07.17"]
[SourceVersion "1"]
[SourceVersionDate "2015.07.17"]
[SourceQuality "1"]

1. d4 Nf6 2. Nf3 e6 3. Bg5 c5 4. e3 Qb6 5. Nbd2 Qxb2 6. Bd3 Nc6 7. 0-0 Qa3 8. Rb1 d5 9. Bb5 cxd4 10. Nxd4 a6 11. Bxc6+ bxc6 12. Bxf6 gxf6 13. Qf3 Qd6 14. Rb6 Rg8 15. Rxc6 Qd7 16. e4 Bh6 17. Rd1 Bxd2 18. Rxd2 e5 19. Qxf6 exd4 20. Rb6 Bb7 21. Rxd4 Rg6 22. Qh8+ Ke7 23. Qe5+ Re6 1/2-1/2

[Event "SM-2013-0-00283"]
[Site "LSS email"]
[Date "2014.01.18"]
[Round "?"]
[White "Dos Santos, Marcos Antonio Melo"]
[Black "Alava Moreno, Fausto"]
[Result "1/2-1/2"]
[WhiteElo "2244"]
[BlackElo "2273"]
[PlyCount "51"]
[EventDate "2013.12.09"]
[EventType "tourn (corr)"]
[EventRounds "6"]
[EventCountry "GER"]
[SourceTitle "Corr 2015"]
[Source "ChessBase"]
[SourceDate "2015.07.17"]
[SourceVersion "1"]
[SourceVersionDate "2015.07.17"]
[SourceQuality "1"]

1. d4 Nf6 2. Nf3 d5 3. c4 dxc4 4. Qa4+ c6 5. Qxc4 Bf5 6. g3 e6 7. Bg2 Nbd7 8. 0-0 Be7 9. Nc3 0-0 10. Re1 Ne4 11. Bf4 Nxc3 12. bxc3 Be4 13. Qb3 b5 14. a4 a6 15. Ne5 Bxg2 16. Kxg2 Nxe5 17. Bxe5 Qd7 18. Reb1 f6 19. Bf4 g5 20. Bd2 Qd5+ 21. Qxd5 exd5 22. h4 gxh4 23. gxh4 Rfb8 24. Kf3 Kf7 25. h5 a5 26. Ke3 1/2-1/2

[Event "SM-2013-0-00283"]
[Site "LSS email"]
[Date "2014.01.18"]
[Round "?"]
[White "Dos Santos, Marcos Antonio Melo"]
[Black "Spashchansky, Aleksandr"]
[Result "1/2-1/2"]
[WhiteElo "2244"]
[BlackElo "2263"]
[PlyCount "85"]
[EventDate "2013.12.09"]
[EventType "tourn (corr)"]
[EventRounds "6"]
[EventCountry "GER"]
[SourceTitle "Corr 2015"]
[Source "ChessBase"]
[SourceDate "2015.07.17"]
[SourceVersion "1"]
[SourceVersionDate "2015.07.17"]
[SourceQuality "1"]

1. d4 Nf6 2. Nf3 d5 3. c4 c6 4. e3 e6 5. Nbd2 c5 6. cxd5 exd5 7. b3 Nc6 8. Bb2 cxd4 9. Nxd4 Bd6 10. Rc1 Nxd4 11. Bxd4 0-0 12. Bd3 Be6 13. 0-0 Qe7 14. h3 a6 15. Bb1 Rac8 16. Qf3 Nd7 17. e4 Qg5 18. Rcd1 Rfe8 19. exd5 Bxd5 20. Ne4 Qf4 21. Qxf4 Bxf4 22. Ba7 Bxe4 23. Bxe4 Rxe4 24. Rxd7 b5 25. g3 Bg5 26. Rfd1 h6 27. h4 Bf6 28. Be3 Rc2 29. R1d2 Rxd2 30. Rxd2 Re6 31. Kg2 Rc6 32. h5 Kf8 33. f4 Ke7 34. Kf3 Bc3 35. Rc2 Kd7 36. g4 b4 37. Bd2 Bxd2 38. Rxd2+ Ke6 39. Re2+ Kf6 40. Re5 Rc3+ 41. Ke4 Rg3 42. g5+ hxg5 43. Rf5+ 1/2-1/2

[Event "SM-2013-0-00283"]
[Site "LSS email"]
[Date "2014.01.18"]
[Round "?"]
[White "Khan, Valery"]
[Black "Dos Santos, Marcos Antonio Melo"]
[Result "1/2-1/2"]
[WhiteElo "2139"]
[BlackElo "2244"]
[PlyCount "102"]
[EventDate "2013.12.09"]
[EventType "tourn (corr)"]
[EventRounds "6"]
[EventCountry "GER"]
[SourceTitle "Corr 2015"]
[Source "ChessBase"]
[SourceDate "2015.07.17"]
[SourceVersion "1"]
[SourceVersionDate "2015.07.17"]
[SourceQuality "1"]

1. d4 Nf6 2. c4 g6 3. Nf3 Bg7 4. g3 0-0 5. Bg2 d5 6. cxd5 Nxd5 7. 0-0 Nb6 8. Nc3 Nc6 9. e3 Re8 10. Re1 a5 11. Qe2 Bg4 12. h3 Be6 13. Rd1 Bc4 14. Qc2 Nb4 15. Qb1 a4 16. e4 Qd7 17. Be3 Red8 18. Qc1 Nd3 19. Qb1 Nb4 20. Qc1 Qe8 21. Ne1 e6 22. e5 N6d5 23. Bg5 Rdc8 24. Qd2 b5 25. Rdc1 Nxc3 26. bxc3 Nd5 27. Nd3 Bf8 28. Nb2 c5 29. Nxc4 bxc4 30. Bxd5 exd5 31. Rab1 Rab8 32. Be3 cxd4 33. Bxd4 Qe6 34. Kg2 Qf5 35. Re1 Rxb1 36. g4 Qd3 37. Qxd3 cxd3 38. Rxb1 Bc5 39. Kf3 Bxd4 40. cxd4 Rc2 41. Rd1 Rxa2 42. Rxd3 Rc2 43. h4 Kg7 44. Ke3 h5 45. gxh5 gxh5 46. Ra3 Rc4 47. Kf4 Rxd4+ 48. Kg5 Re4 49. f4 Rd4 50. Rc3 Rc4 51. Rd3 Rc5 1/2-1/2

[Event "SM-2013-0-00280"]
[Site "LSS email"]
[Date "2013.12.11"]
[Round "?"]
[White "Delgado, Raul Alejandro"]
[Black "Dos Santos, Marcos Antonio Melo"]
[Result "1/2-1/2"]
[WhiteElo "2080"]
[BlackElo "2251"]
[PlyCount "58"]
[EventDate "2013.11.21"]
[EventType "tourn (corr)"]
[EventRounds "6"]
[EventCountry "GER"]
[SourceTitle "Corr 2015"]
[Source "ChessBase"]
[SourceDate "2015.07.17"]
[SourceVersion "1"]
[SourceVersionDate "2015.07.17"]
[SourceQuality "1"]

1. d4 Nf6 2. c4 g6 3. Nc3 d5 4. cxd5 Nxd5 5. Bd2 Bg7 6. e4 Nb6 7. Be3 0-0 8. Nf3 Bg4 9. Be2 Nc6 10. d5 Bxf3 11. gxf3 Na5 12. Bd4 Qd6 13. Bxg7 Kxg7 14. Rc1 Qf6 15. Na4 Nxa4 16. Qxa4 Qxb2 17. Rxc7 b6 18. Ba6 b5 19. Qc2 Qxc2 20. Rxc2 Rab8 21. Rc7 e6 22. 0-0 exd5 23. exd5 Rfd8 24. Rc5 Rb6 25. Rb1 Rxa6 26. Rbxb5 Nc4 27. Rxc4 Rxa2 28. Rd4 Rd7 29. Kg2 Ra1 1/2-1/2

[Event "SM-2013-0-00280"]
[Site "LSS email"]
[Date "2013.12.11"]
[Round "?"]
[White "Dos Santos, Marcos Antonio Melo"]
[Black "Marko, Martin"]
[Result "1/2-1/2"]
[WhiteElo "2251"]
[BlackElo "2238"]
[PlyCount "50"]
[EventDate "2013.11.21"]
[EventType "tourn (corr)"]
[EventRounds "6"]
[EventCountry "GER"]
[SourceTitle "Corr 2015"]
[Source "ChessBase"]
[SourceDate "2015.07.17"]
[SourceVersion "1"]
[SourceVersionDate "2015.07.17"]
[SourceQuality "1"]

1. e4 c6 2. d4 d5 3. exd5 cxd5 4. c4 Nf6 5. Nc3 e6 6. c5 Be7 7. Nf3 0-0 8. Qc2 b6 9. b4 a5 10. Na4 axb4 11. Nxb6 Ra5 12. Nxc8 Qxc8 13. Bd3 Nc6 14. 0-0 Ne4 15. Bxe4 dxe4 16. Qxe4 Rd8 17. Be3 Rd5 18. Nd2 Qa6 19. Nb3 Rxa2 20. Rxa2 Qxa2 21. Qd3 g6 22. Qb5 Bg5 23. Bxg5 Rxg5 24. Qxc6 Qxb3 25. h4 Rd5 1/2-1/2